000 00462nam a2200157Ia 4500
008 160316s1951 xxu||||| |||| 00| 0 eng d
082 _a341.552000
_bLIS
100 _aLissitzyn Oliver J
245 _aInternational court of justice : Its role in the maintainance of international peace and security
250 _a
260 _aNew York
_bMarstin Press
_c1951
300 _a118p
_b
_c
365 _b
650 _a1.International Court of Justice
700 _a
_a
999 _c9864
_d9864